000 00601nam a22001937a 4500
999 _c170378
_d170378
005 20191213150847.0
010 _aA-581294
020 _c40.00
_a-
035 _aA-581294
037 _bBPPD
082 _a080
100 _aآ نند نر ا ين ملا
245 _aمضا مين نہر و
_cآ نند نر ا ين ملا
246 _aMazameen-e-Nehru (Urdu)
_bby Anand Narayan Mulla
260 _aN.Delhi
_c1992 ء
_bUrdu Acedemy
270 _aDelhi Ghata Masjid Road,Darya Ganj
_bN.Delhi
_k-
_e110002
300 _a128 ص
_c22 cm(hb)
942 _2ddc
_cUR
_h080
_mن ہ ر